1226 1121 1945 1856 1271 1730 1309 1571 1878 1337 1129 1971 1643 1224 1960 1195 1951 1256 1549 1817 1128 1392 1268 1427 1019 1943 1052 1326 1704 1701 1906 1849 1213 1752 1216 1583 1114 1782 1938 1529 1975 1106 1385 1722 1983 1752 1318 1744 1705 1294 1063 1265 1853 1561 1257 1747 1562 1257 1285 1036 1402 1155 1388 1252 1395 1013 1423 1636 1326 1065 1286 1815 1666 1795 1051 1219 1620 1173 1274 1100 1972 1127 1392 1671 1960 1301 1549 1093 1188 1166 1720 1693 1761 1347 1292 1704 1562 1660 1594 BCNSPRNW ULIB Ver.6.0+V

เปลี่ยนเป็นภาษาไทย

Change to English
 แสดงรายละเอียดบรรณานุกรม
  กลับหน้าหลัก

Brief Record : Get Marc (ISO 2709) : E-mail record : QR code < ปิดหน้าต่าง
LEADER : 00000nam 2200000uu 4500
001    13399120866
003     ULIB
008    080331s2550 th a 000 0 tha d
020    ^a9789747660562
050  4 ^aDS586^bส639 2550
245 00 ^aสาธารณสุขของแผ่นดิน /^cกระทรวงสาธารณสุข
260    ^aนนทบุรี :^bกระทรวงสาธารณสุข,^c2550
300    ^a199 หน้า :^bภาพประกอบ (สีบางภาพ) ;^c24 ซม.
600 04 ^aภูมิพลอดุลยเดช,^cพระบาทสมเด็จพระปรมินทรมหา,^d2470-^xพระราชกรณียกิจ^xแง่การแพทย์
650  4 ^aสาธารณสุข
650  4 ^aการแพทย์
710 2  ^aกระทรวงสาธารณสุข
945    ^p0^l0^i14856
945    ^p0^l0^i14857
945    ^p0^l0^i14858
945    ^p0^l0^i14859
945    ^p0^l0^i14860
995    ^aกัณชพร
999    ^aกัณชพร
รายการนี้ยังไม่มีแท็ก
คุณยังไม่ได้ล็อกอิน คุณสามารถมีกิจกรรมร่วมกับเว็บไซต์ได้ แต่ต้องล็อกอินก่อน ::
  ล็อกอิน

รายการสื่อสารสนเทศ

ลำดับที่ ประเภท เลขเรียก/บาร์โค้ด สถานที่ สถานะ
1. วิทยาศาสตร์การแพทย์ และสุขภาพ
วิทยาศาสตร์การแพทย์ และสุขภาพ
DS586 ส639 2550  
  Barcode: 14856
ห้องสมุดวิทยาเขตนครสวรรค์
►ส่วนจัดเก็บหนังสือเก่า นว.
บนชั้น
  ขอยืม
2. วิทยาศาสตร์การแพทย์ และสุขภาพ
วิทยาศาสตร์การแพทย์ และสุขภาพ
DS586 ส639 2550 ฉ.2 
  Barcode: 14857
ห้องสมุดวิทยาเขตนครสวรรค์
►ส่วนจัดเก็บหนังสือเก่า นว.
บนชั้น
  ขอยืม
3. วิทยาศาสตร์การแพทย์ และสุขภาพ
วิทยาศาสตร์การแพทย์ และสุขภาพ
DS586 ส639 2550 ฉ.3 
  Barcode: 14858
ห้องสมุดวิทยาเขตนครสวรรค์
►ส่วนจัดเก็บหนังสือเก่า นว.
บนชั้น
  ขอยืม
4. วิทยาศาสตร์การแพทย์ และสุขภาพ
วิทยาศาสตร์การแพทย์ และสุขภาพ
DS586 ส639 2550 ฉ.4 
  Barcode: 14859
ห้องสมุดวิทยาเขตนครสวรรค์
►ส่วนจัดเก็บหนังสือเก่า นว.
บนชั้น
  ขอยืม
5. วิทยาศาสตร์การแพทย์ และสุขภาพ
วิทยาศาสตร์การแพทย์ และสุขภาพ
DS586 ส639 2550 ฉ.5 
  Barcode: 14860
ห้องสมุดวิทยาเขตนครสวรรค์
►ส่วนจัดเก็บหนังสือเก่า นว.
บนชั้น
  ขอยืม

รายการใกล้เคียง
    หัวเรื่อง [สาธารณสุข]
    หัวเรื่อง [การแพทย์]

BibComment


ยังไม่เคยถูกคอมเมนท์

คอมเมนท์ทรัพยากรรายการนี้
  คอมเมนท์: สาธารณสุขของแผ่น..


 Copyright 2026. Bcnsprnw @Library